[Event "Araraquara op 2nd"]
[Site "Araraquara"]
[Date "2024.02.13"]
[Round "7"]
[White "Paula, Luis Miguel Da Silv"]
[Black "De Souza, Arthur Neres"]
[Result "1-0"]
[WhiteElo "1791"]
[BlackElo "1445"]
[PlyCount "81"]
[EventDate "2024.02.10"]
[EventType "swiss"]
[EventRounds "7"]
[EventCountry "BRA"]
[SourceTitle "CB09_2024"]
[SourceDate "2024.02.28"]
[SourceVersion "1"]
[SourceVersionDate "2024.02.28"]
[SourceQuality "1"]

1. d4 Nf6 2. c4 g6 3. Nc3 Bg7 4. e4 d6 5. f3 0-0 6. Be3 c5 7. d5 e6 8. Qd2 exd5 9. cxd5 a6 10. a4 Re8 11. Nge2 Nbd7 12. Ng3 Ne5 13. Be2 h5 14. 0-0 h4 15. Nh1 Nh5 16. Nf2 f5 17. f4 Ng4 18. Nxg4 fxg4 19. Bd3 b6 20. e5 Bf5 21. e6 Bf6 22. Ne4 Ng7 23. Rab1 Bxe4 24. Bxe4 Nf5 25. Bxf5 gxf5 26. Qd3 g3 27. Qxf5 Qe7 28. hxg3 hxg3 29. Rf3 Bh4 30. Qg4+ Kf8 31. f5 Qh7 32. Rbf1 Bf6 33. Rxg3 Ra7 34. Rh3 Rg7 35. Rxh7 Rxg4 36. Rf7+ Kg8 37. Rxf6 Re7 38. Bh6 Kh7 39. Rf7+ Rxf7 40. exf7 Kxh6 41. f8Q+ 1-0

[Event "Sao Jose dos Campos op"]
[Site "Sao Jose dos Campos"]
[Date "2023.05.27"]
[Round "4"]
[White "Trombini, Fabio"]
[Black "Paula, Luis Miguel Da Silv"]
[Result "1-0"]
[WhiteElo "1853"]
[BlackElo "1688"]
[PlyCount "109"]
[EventDate "2023.05.26"]
[EventType "swiss"]
[EventRounds "5"]
[EventCountry "BRA"]
[SourceTitle "CBM 214 Extra"]
[Source "ChessBase"]
[SourceDate "2023.07.31"]
[SourceVersion "1"]
[SourceVersionDate "2023.07.31"]
[SourceQuality "1"]

1. b3 d5 2. Bb2 c5 3. e3 a6 4. Nf3 Nc6 5. d4 Bg4 6. Nbd2 Nf6 7. Be2 e6 8. 0-0 cxd4 9. Nxd4 Bxe2 10. Qxe2 Nxd4 11. Bxd4 Be7 12. c4 0-0 13. Rfd1 Rc8 14. e4 dxc4 15. Nxc4 Qc7 16. Be5 Qc6 17. Bd6 Bxd6 18. Nxd6 Rc7 19. e5 Nd5 20. Qg4 f5 21. Qd4 Qc3 22. Qxc3 Nxc3 23. Rd2 Nd5 24. Kf1 Rd8 25. Rdd1 Kf8 26. Rac1 Rdd7 27. Rxc7 Nxc7 28. Rc1 b5 29. Ke2 Ke7 30. Rc6 Kd8 31. Rb6 Ke7 32. Rb8 Rd8 33. Rb6 Rd7 34. g3 Rd8 35. f4 Rd7 36. Kd3 Rd8 37. Kd4 Rd7 38. Kc5 Rd8 39. Kc6 Nd5 40. Rb7+ Kf8 41. Rf7+ Kg8 42. Ra7 Rb8 43. Kc5 Kf8 44. Rxa6 b4 45. Ra7 Rd8 46. a4 bxa3 47. Rxa3 Rb8 48. Nb5 Rc8+ 49. Kd6 Re8 50. Nd4 Rd8+ 51. Kc6 Nb4+ 52. Kc5 Rd5+ 53. Kxb4 Rxd4+ 54. Kc5 Rd2 55. b4 1-0

[Event "Araraquara op"]
[Site "Araraquara"]
[Date "2023.02.21"]
[Round "5.19"]
[White "Hirota da Silva, Nilton Jose"]
[Black "Paula, Luis Miguel Da Silv"]
[Result "1-0"]
[WhiteElo "1836"]
[BlackElo "1622"]
[PlyCount "87"]
[EventDate "2023.02.19"]
[EventType "swiss"]
[EventRounds "6"]
[EventCountry "BRA"]
[SourceTitle "CBM 213 Extra"]
[Source "ChessBase"]
[SourceDate "2023.05.31"]
[SourceVersion "1"]
[SourceVersionDate "2023.05.31"]
[SourceQuality "1"]

1. d4 Nf6 2. Bg5 Ne4 3. Bh4 d5 4. f3 Nf6 5. e3 Nbd7 6. f4 c5 7. c3 Ne4 8. Nd2 Nxd2 9. Qxd2 cxd4 10. exd4 g6 11. Nf3 Bg7 12. Qe3 Nf6 13. Bd3 0-0 14. 0-0 Re8 15. Rae1 a6 16. h3 Qc7 17. Re2 Nh5 18. Ne5 Nf6 19. g4 Ne4 20. Bxe4 dxe4 21. Qxe4 Bxe5 22. Qxe5 Qxe5 23. Rxe5 e6 24. Bf6 Bd7 25. Kf2 Rac8 26. Rfe1 Bb5 27. R1e3 Bd7 28. b3 b5 29. Ke2 Bc6 30. Rc5 Bd5 31. Kd3 Kf8 32. c4 bxc4+ 33. bxc4 Rxc5 34. dxc5 Bc6 35. Kd4 Rb8 36. Ra3 Ra8 37. Rb3 Ke8 38. Ke5 Kd7 39. Rd3+ Kc7 40. Be7 Be8 41. Rd6 a5 42. Rb6 a4 43. Bd6+ Kc8 44. c6 1-0

[Event "Araraquara op"]
[Site "Araraquara"]
[Date "2023.02.21"]
[Round "6.31"]
[White "Paula, Luis Miguel Da Silv"]
[Black "Vogado, Hugo Leonardo Falca"]
[Result "1-0"]
[WhiteElo "1622"]
[BlackElo "1800"]
[PlyCount "49"]
[EventDate "2023.02.19"]
[EventType "swiss"]
[EventRounds "6"]
[EventCountry "BRA"]
[SourceTitle "CBM 213 Extra"]
[Source "ChessBase"]
[SourceDate "2023.05.31"]
[SourceVersion "1"]
[SourceVersionDate "2023.05.31"]
[SourceQuality "1"]

1. d4 Nf6 2. c4 e6 3. Nf3 c5 4. d5 exd5 5. cxd5 d6 6. Nc3 g6 7. h3 Bg7 8. e4 0-0 9. Bd3 a6 10. a4 Nbd7 11. 0-0 Re8 12. Re1 Ne5 13. Nxe5 dxe5 14. Be3 Bf8 15. Qd2 Qc7 16. Rec1 Bd7 17. a5 Qd6 18. Na4 Bxa4 19. Rxa4 Rac8 20. Rac4 Nd7 21. b4 Qb8 22. bxc5 Qc7 23. Bc2 Bxc5 24. Bxc5 Nxc5 25. Ba4 1-0

[Event "Mombaca op 6th"]
[Site "Mombaca"]
[Date "2022.08.20"]
[Round "4"]
[White "Zakowicz, Rafael"]
[Black "Paula, Luis Miguel Da Silv"]
[Result "1-0"]
[WhiteElo "1836"]
[BlackElo "1773"]
[PlyCount "72"]
[EventDate "2022.08.19"]
[EventType "swiss"]
[EventRounds "6"]
[EventCountry "BRA"]
[SourceTitle "CBM 210 Extra"]
[Source "ChessBase"]
[SourceDate "2022.11.30"]
[SourceVersion "1"]
[SourceVersionDate "2022.11.30"]
[SourceQuality "1"]

1. e4 c5 2. Nf3 e6 3. d3 d5 4. Nbd2 Nc6 5. c3 e5 6. Be2 Nf6 7. 0-0 Be7 8. Qc2 0-0 9. Re1 b6 10. Nf1 d4 11. Ng3 Re8 12. Bg5 Bb7 13. Nf5 h6 14. Bxh6 gxh6 15. Nxh6+ Kg7 16. Ng5 Ng8 17. Nf5+ Kg6 18. Nh3 Nh6 19. Ng3 Bc8 20. Bh5+ Kg7 21. f4 Bxh3 22. gxh3 Bh4 23. Rf1 exf4 24. Nf5+ Nxf5 25. exf5 Qg5+ 26. Bg4 Kh8 27. Kh1 Re7 28. Bf3 Qf6 29. Rg1 Rg8 30. Rxg8+ Kxg8 31. Rg1+ Kh8 32. Qg2 Re8 33. Bxc6 Rd8 34. Be4 dxc3 35. bxc3 Qxc3 36. Qg4 Qf6 1-0